Normal view
MARC view
Entry Personal Name
001 - CONTROL NUMBER
- control field: 5671
003 - CONTROL NUMBER IDENTIFIER
- control field: BD-RjUL
005 - DATE AND TIME OF LATEST TRANSACTION
- control field: 20221102121322.0
008 - FIXED-LENGTH DATA ELEMENTS
- fixed length control field: 221102|| aca||aabn | a|a d
040 ## - CATALOGING SOURCE
- Original cataloging agency: BD-RjUL
- Transcribing agency: BD-RjUL
100 ## - HEADING--PERSONAL NAME
- Personal name: محمد عبد الحي. # # Muḥammad ʻAbd al-Ḥayy,
- Dates associated with a name: 1848-1886 or 1887
670 ## - SOURCE DATA FOUND
- Source citation: Work cat.: (BD-RjUL)80693: محمد عبد الحي. # # Muḥammad ʻAbd al-Ḥayy, 1848-1886 or 1887., al-Rafʼ wa-al-takmīl fī al-jarḥ wa-al-taʻdīl /, [between 1987 and 1990]